000 00483ntaaa2200181 4500
003 01
005 20251027202627.0
008 0714s1973 ag 01
040 _aAR-BaBN
_bspa
_cAR-BaBN
_eaacr
_dRIC
082 _a371.3000 A15y
100 _aAllstrom, Elizabeth
_925571
245 _aYou can teach creatively
250 _a1 ed.
260 _aNashville :
_bAbingdon Press,
_c1970
300 _a160 p
500 _aAlgunos métodos para animar a los niños a expresarce
942 _cBK
999 _c21414
_d21414